Egy legendás magyar.
Elmentve itt :
| Dokumentumtípus: | Cikk |
|---|---|
| Megjelent: |
1993-09-14
|
| Sorozat: | Kurír
|
| Kulcsszavak: | Szent-Györgyi Albert |
| Online Access: | http://univ.bibl.u-szeged.hu/27870 |
| LEADER | 00413nab a2200157 i 4500 | ||
|---|---|---|---|
| 001 | univ27870 | ||
| 005 | 20171214104908.0 | ||
| 008 | 171214s1993 hu o 0|| zxx d | ||
| 040 | |a SZTE UnivHistória Repozitórium |b hun | ||
| 041 | |a zxx | ||
| 245 | 0 | 0 | |a Egy legendás magyar. |h [elektronikus dokumentum] |
| 260 | |c 1993-09-14 | ||
| 300 | |a 1 | ||
| 490 | 0 | |a Kurír | |
| 561 | |a Egyetemi hirarchívum | ||
| 695 | |a Szent-Györgyi Albert | ||